000 00604nam a22001817a 4500
999 _c4406
_d4406
003 AR-CdUCM
008 190308b ||||| |||| 00| 0 esp d
040 _aMUNICIPALIDAD PROVINCIAL DEL CUSCO
_cBIBLIOTECA MUNICIPAL DEL CUSCO
082 _a869.204 /
_bK81
100 _aKrebs, Ernesto
_913893
245 _aMarianela y Doña Barbara :
_bEnsayo de comparación /
_cErnesto Krebs
260 _aBahía Blanca :
_bPanzini Hermanos,
_c1967.
300 _a177 paginas ;
_c23 cm.
500 _aDonación de la familia de Luis Nieto
650 _aLiteratura Argentina
_984
942 _2ddc
_cLIBROS
945 _aacrt